000 00580nam a2200217 a 4500
001 BRCA_7212
005 20190320205743.0
008 170112s1940----u--af#####---#000-0#eng-#
041 _aeng
044 _au
050 4 _aN6761
_b.E64
245 1 0 _aEnglish art
_cPowers.
260 _aNewton, Mass
_bThe University Prints
_c[1940]
300 _a1 estuche con láminas
_bil., 170 láminas
_c21 cm.
440 0 _aUniversity Prints. Student series
_vF
_917869
500 _aP107
650 1 4 _aArte ingles
_917870
700 1 _aPowers
_eed.
_917871
902 _aGFM
942 _2lcc
_cB
999 _c6893
_d6893